| 000 | 00408nam a2200157Ia 4500 | ||
|---|---|---|---|
| 008 | 210210b2003 xxu||||| |||| 00| 0 eng d | ||
| 020 | _a81 204 1605 8 | ||
| 082 | _a576.6483 VERB | ||
| 100 | _aVERMA (H N). | ||
| 245 | _aBasics of plant virology. | ||
| 260 |
_aND _bOxford & IBH Publishing Co. Pvt. Ltd. _c2003 |
||
| 300 | _axiv,218 | ||
| 650 | _aPlant Virology | ||
| 690 | _aVirology | ||
| 906 | _aSG04380 | ||
| 999 |
_c114941 _d114941 |
||